Statistics for Cities by Letter and Picture-C

Click here to take the quiz!

General Stats

  • This quiz has been taken 28 times
  • The average score is 8 of 12

Answer Stats

Answer% Correct
Cairo
100%
Chicago
92%
Copenhagen
92%
Cape Town
83%
Cardiff
71%
Casablanca
71%
Caracas
63%
Chennai
50%
Calgary
46%
Cleveland
46%
Cordoba
29%
Cebu
17%

Score Distribution

Percentile by Number Answered

Percent of People with Each Score

Your Score History

You have not taken this quiz